| 000 | 00659nam a22002057a 4500 | ||
|---|---|---|---|
| 999 |
_c16047 _d16047 |
||
| 003 | AR-CdUCM | ||
| 008 | 190430b ||||| |||| 00| 0 spa d | ||
| 040 |
_aMUNICIPALIDAD PROVINCIAL DEL CUSCO _cBIBLIOTECA MUNICIPAL DEL CUSCO |
||
| 041 | _hit. | ||
| 082 |
_a858.9 / _bP91 |
||
| 100 |
_aPratolini, Vasco _935327 |
||
| 245 | _aLas amigas / | ||
| 260 |
_aBuenos Aires : _bEdic. Siglo Veinte _c1964. |
||
| 300 |
_a173paginas ; _c20 cm. |
||
| 505 | _aContenido : Las amigas --Mi corazón en puente Milvio --Memorias de la adolescencia / | ||
| 650 |
_aLiteratura italiana _9615 |
||
| 650 |
_aNovelas _9218 |
||
| 942 |
_2ddc _cLIBROS |
||
| 945 |
_arjall _d2019-04-30 |
||